Telesná výchova pre štúdium učiteľstva 1. stupeň základnej školy

Bibliographic Details
Main Author: Sailerová, Estera (Author)
Format: Book
Language:Slovak
PhysicalDescription:249 s. Ilustr., sch., tab. 30 cm
Published: Nitra Vysoká škola pedagogická 1996
ISBN:8080500207
Edition:2. nezm. vyd.
Series:Vysokoškolské učebné texty
Subjects:

MARC

LEADER 00000nam a2200000 a 4500
001 vtls001137068
003 SK-MaSNL
005 20260301002003.0
008 251113s1996 xo aap r yy slo
015 |a SNBA1996/0400959 
020 |a 8080500207  |c 87,00 Sk (600 výt.) 
035 |a SNK000079921 
035 |a urn:nbn:sk:snk-amllwx 
035 |a urn:nbn:sk:snk-am00bsc2 
035 |a DA58E1CA-64D7-4ED6-B4A3-3BBC5EC8DC10 
040 |a SNK  |b slo  |c SNK  |e AACR2 
041 0 |a slo 
044 |a xo  |c SK 
080 |a 796.015.1(075.8)  |2 1981 
245 0 |a Telesná výchova pre štúdium učiteľstva 1. stupeň základnej školy  |c Estera Sailerová a kolektív 
250 |a 2. nezm. vyd. 
260 |a Nitra  |b Vysoká škola pedagogická  |c 1996 
300 |a 249 s.  |b Ilustr., sch., tab.  |c 30 cm 
490 1 |a Vysokoškolské učebné texty 
504 |a Bibliogr. 
650 0 7 |a telesná výchova  |2 SNKPH  |9 708 
650 0 7 |a didaktika telesnej výchovy  |2 SNKPH  |9 73368 
655 7 |a učebnice vysokých škôl  |2 SNKPH  |9 70191 
700 1 |a Sailerová, Estera  |4 aut  |9 39159 
830 0 |a Vysokoškolské učebné texty  |9 276539 
919 |a 80-8050-020-7 
958 0 7 |a RM 
958 0 7 |a NB 
958 0 7 |a UV 
999 |c 536262  |d 538192 
952 |t P60, <09>, [BOOK], {629}  |a SNK  |b SNK  |y NEVYP  |7 0  |o snkB 125  |i snk391/960123  |0 0  |1 0  |4 0  |d 1996-01-22  |l 0  |r 2005-01-01 00:00:00  |w 2026-02-23 
952 |t P60, <04>, [BOOK], {604}  |a SNK  |b SNK  |y VYP  |7 0  |p 17A0000295  |o snkSB 55097 D1  |i snkKSP 02055/96  |0 0  |1 0  |4 0  |d 1996-02-16  |l 0  |r 2005-01-01 00:00:00  |w 2026-02-23 
952 |t P60, <03>, [BOOK], {603}  |a SNK  |b SNK  |y PREZ  |7 0  |p 17A0000294  |o snkSB 55097  |i snkKSP 02054/96  |0 0  |1 0  |4 0  |d 1996-02-16  |f 1  |l 0  |r 2025-03-28 00:00:00  |w 2026-02-23